000 00329 a2200157 4500
001 57077
020 _a8526252003
040 _cAnchieta - Pituba
100 _aLeite, Marcia
240 1 0 _aQual é a minha?
_lpor
245 1 0 _aQual é a minha?
300 _a72
362 0 _a2004
650 4 _aLiteratura juvenil
942 _cBK
999 _c57077
_d57077